| 000 | 00453nab a2200145Ia 4500 | ||
|---|---|---|---|
| 003 | ES-SlBCS | ||
| 005 | 20210601133828.0 | ||
| 008 | 140529s1994 xxu||||| |||| 00| 0 por d | ||
| 041 | _apor | ||
| 100 | 1 |
_aBrandao, Julio _9210264 |
|
| 245 | 0 | 0 |
_aO sentido de que se reveste o problema moral em nossos dias _c Julio Brandao |
| 650 | 0 | 4 |
_aProblema Moral _9156346 |
| 773 | 0 |
_tPresença Filosofica _gvol. 19, nº. 1-2, 1994, págs. 27-31 _wRev966 |
|
| 942 | _cAR | ||
| 999 |
_c602767 _d602767 |
||